| 000 | 00516cam a2200181 4500 | ||
|---|---|---|---|
| 001 | D5833 | ||
| 008 | 090401t1980 xxu||||| |||| 00| 0 eng d | ||
| 035 | _a(Sirsi) u72451 | ||
| 041 | _aeng | ||
| 050 | _a526.9 | ||
| 110 |
_aIndustrial and Engineering Survey Conference _92414 |
||
| 245 | _aProceedings held at University College London September 2 - 4 1980 | ||
| 260 |
_aLondon _bCity University in co-operation with Com _c1980 |
||
| 300 | _aix. c200p. 20cm | ||
| 350 | _a10 | ||
| 942 | _n0 | ||
| 948 | _c04/03/1997 | ||
| 999 |
_c95505 _d95505 |
||